Les plus gros transferts du football - Nés en 1993 - Statistiques

Statistiques générales
  • Ce quiz a été pris 130 fois
  • Le résultat moyen est 9 sur 10
Statistiques - réponses
Montant de transfert (M €) Saison Nationalité Venant de Allant à Joueur % Correct
113,00 2021-2022 Belgique Inter Chelsea Romelu Lukaku
98%
84,70 2017-2018 Belgique FC Everton Manchester United Romelu Lukaku
98%
74,00 2019-2020 Belgique Manchester United Inter Romelu Lukaku
98%
105,00 2016-2017 France Juventus Turin Manchester United Paul Pogba
97%
95,00 2023-2024 Angleterre Tottenham Bayern Munich Harry Kane
96%
87,00 2019-2020 Angleterre Leicester City Manchester United Harry Maguire
84%
50,00 2020-2021 Ghana Atlético Madrid Arsenal Thomas Partey
82%
50,00 2020-2021 Argentine Inter Paris SG Mauro Icardi
79%
46,00 2023-2024 Brésil Liverpool Al-Ittihad Fabinho
74%
59,00 2018-2019 Brésil Shakhtar D. Manchester United Fred
65%
Aucun quiz correspondant
Distribution des résultats
% des personnes avec chaque résultat
Percentile par nombre de réponses
Votre historique - résultats
Vous n’avez pas pris ce quiz